Statistics for Chocolate Quiz

Click here to take the quiz!

General Stats

  • This quiz has been taken 44 times
  • The average score is 6 of 18

Answer Stats

HintAnswer% Correct
beanCocoa
93%
H1Milky Way
69%
S1Have a Break, Have a {Kit Kat}
66%
S2A {Mars} A Day Helps You Work Rest and Play
62%
CC2Germany
41%
CC1Switzerland
38%
C3Brazil
34%
H2Toblerone
34%
S1Aztec
31%
S3A Finger Of {Fudge} is Just Enough To Give Your Kids A Treat
24%
S2Maya
21%
C1Ghana
14%
CC3Austria
10%
B2Lindt & Sprüngli
10%
C2Indonesia
7%
H3Picnic
7%
B1Ferrero Rocher
0%
B3Ghirardelli
0%

Score Distribution

Percentile by Number Answered

Percent of People with Each Score

Your Score History

You have not taken this quiz